Diseño de la gestión por procesos en el parque industrial ZOFIMA de la empresa Desarrollos Industriales Unidos S.A - DINUSA
Presenta el diseño de la gestión por procesos en el parque industrial ZOFIMA de la empresa Desarrollos Industriales Unidos S.A – DINUSA, primeramente se realizó la identificación del mapa de procesos de la empresa , posteriormente se describieron los procesos y sus procedimientos asociados y fin...
| Main Authors: | , |
|---|---|
| Other Authors: | |
| Format: | Tesis Section = Libro |
| Language: | Undetermined Spanish |
| Published: |
Managua
UNI
2015
|
| Subjects: |
| LEADER | 01282nam a2200265Ia 4500 | ||
|---|---|---|---|
| 008 | 240830s9999 xx 000 0 und d | ||
| 040 | |a BIBLIOTECA-RUPAP Mon 658.4013 G643 | ||
| 041 | |a spa | ||
| 082 | |a Mon 658.4013 G643 | ||
| 100 | 1 | |a González Casco, Walter Jesús | |
| 100 | 1 | |b Gutiérrez Blandón, Elida Mercedes | |
| 245 | 1 | 0 | |a Diseño de la gestión por procesos en el parque industrial ZOFIMA de la empresa Desarrollos Industriales Unidos S.A - DINUSA |
| 260 | |a Managua |b UNI |c 2015 | ||
| 300 | |a 109 p. :il. | ||
| 500 | |a Contiene: anexos y CD. | ||
| 502 | |a Tesis (Ingeniero Industrial)- UNI, 2015. | ||
| 520 | 3 | |a Presenta el diseño de la gestión por procesos en el parque industrial ZOFIMA de la empresa Desarrollos Industriales Unidos S.A – DINUSA, primeramente se realizó la identificación del mapa de procesos de la empresa , posteriormente se describieron los procesos y sus procedimientos asociados y finalmente la elaboración del tablero de seguimiento de indicadores por procesos. | |
| 650 | 7 | |a CONTROL DE LOS PRODUCTOS | |
| 650 | 7 | |b CONTROL DE CALIDAD - NORMAS | |
| 650 | 7 | |c DESARROLLO DE PROCESOS | |
| 650 | 7 | |d SATISFACCION AL CLIENTE | |
| 700 | 1 | |a Tutor: |b Fuentes Espinoza, Oscar Danilo | |
| 942 | |c BK |2 ddc | ||
| 991 | |a TESIS | ||
| 999 | |c 17236 | ||